Statistics for Los Angeles Dodgers Opening Day Pitchers

Click here to take the quiz!

General Stats

  • This quiz has been taken 10 times
  • The average score is 32 of 66

Answer Stats

YearPitcher% Correct
2021Clayton Kershaw
100%
2018Clayton Kershaw
100%
2017Clayton Kershaw
100%
2016Clayton Kershaw
100%
2015Clayton Kershaw
100%
2014Clayton Kershaw
100%
2013Clayton Kershaw
100%
2012Clayton Kershaw
100%
2011Clayton Kershaw
100%
1964Sandy Koufax
78%
2019Hyun-Jin Ryu
67%
2023Julio Urias
67%
1994Orel Hershiser
67%
1987Orel Hershiser
67%
1993Orel Hershiser
67%
1990Orel Hershiser
67%
2022Walker Buehler
67%
1958Don Drysdale
56%
1963Don Drysdale
56%
1965Don Drysdale
56%
1969Don Drysdale
56%
1961Don Drysdale
56%
1960Don Drysdale
56%
1959Don Drysdale
56%
1972Don Sutton
56%
1973Don Sutton
56%
1974Don Sutton
56%
1975Don Sutton
56%
1976Don Sutton
56%
1978Don Sutton
56%
1977Don Sutton
56%
2020Dustin May
56%
1985Fernando Valenzuela
56%
1981Fernando Valenzuela
56%
1983Fernando Valenzuela
56%
1984Fernando Valenzuela
56%
1988Fernando Valenzuela
56%
1986Fernando Valenzuela
56%
1999Kevin Brown
44%
2002Kevin Brown
44%
2000Kevin Brown
44%
1970Claude Osteen
33%
1968Claude Osteen
33%
1966Claude Osteen
33%
1962Johnny Podres
33%
1995Ramon Martinez
33%
1997Ramon Martinez
33%
1998Ramon Martinez
33%
1992Ramon Martinez
33%
1996Ramon Martinez
33%
1971Bill Singer
22%
1967Bob Miller
22%
1980Burt Hooton
22%
1979Burt Hooton
22%
2007Derek Lowe
22%
2006Derek Lowe
22%
2005Derek Lowe
22%
2003Hideo Nomo
11%
2004Hideo Nomo
11%
2008Brad Penny
0%
2001Chan Ho Park
0%
2009Hiroki Kuroda
0%
1982Jerry Reuss
0%
1989Tim Belcher
0%
1991Tim Belcher
0%
2010Vicente Padilla
0%

Score Distribution

Percentile by Number Answered

Percent of People with Each Score

Your Score History

You have not taken this quiz